000 01218cam a22002054a 4500
005 20250605164215.0
008 250528s ||||||||||||||||||||||||d
035 _a20424
020 _a415066417
040 _aGR-AtMCL
_bgre
_dGR-AtMCL
_eAACR2
245 1 _aLiterary into Cultural Studies
250 _a1st
260 _bRouledge,
_c1991
300 _a204
520 _aWith the advent of post-structuralism and the ''death of literature'' the opposition between high and popular culture became untenable, transforming the field of inquiry from literary into cultural studies. Acknowledgements, Collapsing the Literacy Studies Paradigm, Constructing the Literary Object, Dissolving the Literary Object, The Question of Literary Value, High Culture and Popular Culture, The Canon and Its Other: Eroding the separation, High Culture and Popular Culture: Heart of Darkness and Tarzan of the Apes, Toward a New Paradigm, History and Signifying Practice, Terms for a New Paradigm, Analyzing Culture, The Subject of Literary Studies and the subject of Cultural Studies, The Politics of Cultural Studies, References, Index.
700 1 _aEasthope Antony
_93141
942 _cBK
999 _c5533
_d5533